Afrocostarricense y comunista. Harold Nichols y su actividad política en Costa Rica /
Na minha lista:
| Autor principal: | |
|---|---|
| Formato: | Texto |
| Assuntos: | |
| Tags: |
Adicionar Tag
Sem tags, seja o primeiro a adicionar uma tag!
|
MARC
| LEADER | 00000 a a2200000 04500 | ||
|---|---|---|---|
| 001 | 43364 | ||
| 003 | |||
| 040 | |||
| 100 | |a Molina Jiménez, Iván | ||
| 245 | |a Afrocostarricense y comunista. Harold Nichols y su actividad política en Costa Rica / |c Iván Molina Jiménez | ||
| 650 | |a ASPECTOS SOCIALES/CULTURA/ETNICIDAD/COMUNISMO/RACISMO/IDENTIDAD CULTURAL/COSTA RICA | ||
| 773 | |g número46 ( , 2008), páginas 141-169 | ||
| 999 | |c 28967 |d 28967 | ||
